| 000 | 00490nam a2200157 4500 | ||
|---|---|---|---|
| 999 |
_c512973 _d512973 |
||
| 008 | 200107b ||||| |||| 00| 0 eng d | ||
| 100 |
_aQuddusi, Kazi SM Khasrul Alam _915164 |
||
| 245 | _aPolitics and society in Bangladesh: Dominant dimensions | ||
| 260 | _bWorld Affairs | ||
| 300 | _a23(3), Jul-Sep, 2019: p.136-151. | ||
| 650 |
_aPolitics and government _915165 |
||
| 650 |
_aSociety - Bangladesh _915166 |
||
| 773 | _aWorld Affairs | ||
| 906 | _aBangladesh | ||
| 942 |
_2ddc _cAR |
||